Medzinárodná vedecká konferencia: „Odpoveď Európy na krízy – ERECO-PGV“

Medzinárodná konferencia vedecko-výskumnej siete ERECO-PGV so sídlom v Grenobli bola v poradí už jej dvadsiata deviata. Uskutočnila sa v dňoch 25. – 26. januára 2024 na pôde Ekonomickej fakulty UMB v Banskej Bystrici. Univerzita je členom uvedenej siete už takmer štvrťstoročie. Ako všetky predchádza...

Full description

Saved in:
Bibliographic Details
Main Author: Marasová, Jana
Other Authors: Lacová, Žaneta
Format: Book Chapter
Language:Slovak
Subjects:
Tags: Add Tag
No Tags, Be the first to tag this record!

MARC

LEADER 00000naa a2200000 4500
001 0303975
005 20240905100117.4
041 0 |a slo 
044 |a SK 
245 1 0 |a Medzinárodná vedecká konferencia: „Odpoveď Európy na krízy – ERECO-PGV“  |c Jana Marasová, Žaneta Lacová 
520 |a Medzinárodná konferencia vedecko-výskumnej siete ERECO-PGV so sídlom v Grenobli bola v poradí už jej dvadsiata deviata. Uskutočnila sa v dňoch 25. – 26. januára 2024 na pôde Ekonomickej fakulty UMB v Banskej Bystrici. Univerzita je členom uvedenej siete už takmer štvrťstoročie. Ako všetky predchádzajúce konferencie ERECO-PGV, aj tohtoročná bola zameraná na aktuálne európske otázky - na to, akými spôsobmi členské krajiny čelia krízam v prvých desaťročiach 3. tisícročia. 
610 2 0 |a konferencie 
610 2 0 |a Európa 
610 2 0 |a kríza 
610 2 0 |a opatrenia 
610 2 0 |a hospodárstvo 
100 1 |a Marasová, Jana 
700 1 |a Lacová, Žaneta